header

Engaging children in science / (Record no. 250512)

MARC details
000 -LEADER
fixed length control field 01002pam a2200301 a 4500
001 - CONTROL NUMBER
control field 2123766
003 - CONTROL NUMBER IDENTIFIER
control field OSt
005 - DATE AND TIME OF LATEST TRANSACTION
control field 20151013141313.0
008 - FIXED-LENGTH DATA ELEMENTS--GENERAL INFORMATION
fixed length control field 970220s1998 njua b 001 0 eng
010 ## - LIBRARY OF CONGRESS CONTROL NUMBER
LC control number 97009209
020 ## - INTERNATIONAL STANDARD BOOK NUMBER
International Standard Book Number 0135983436
040 ## - CATALOGING SOURCE
Original cataloging agency DLC
Transcribing agency DLC
Modifying agency DLC
043 ## - GEOGRAPHIC AREA CODE
Geographic area code n-us---
050 00 - LIBRARY OF CONGRESS CALL NUMBER
Classification number LB1585.3
Item number .H69 1998
082 00 - DEWEY DECIMAL CLASSIFICATION NUMBER
Classification number 372.3/5
Edition number 21
100 1# - MAIN ENTRY--PERSONAL NAME
Personal name Howe, Ann C.
245 10 - TITLE STATEMENT
Title Engaging children in science /
Statement of responsibility, etc Ann C. Howe, Linda Jones.
250 ## - EDITION STATEMENT
Edition statement 2nd ed.
260 ## - PUBLICATION, DISTRIBUTION, ETC. (IMPRINT)
Place of publication, distribution, etc Upper Saddle River, N.J. :
Name of publisher, distributor, etc Merrill,
Date of publication, distribution, etc c1998.
300 ## - PHYSICAL DESCRIPTION
Extent xvi, 352 p. :
Other physical details ill. ;
Dimensions 24 cm.
504 ## - BIBLIOGRAPHY, ETC. NOTE
Bibliography, etc Includes bibliographical references and index.
650 #0 - SUBJECT ADDED ENTRY--TOPICAL TERM
Topical term or geographic name as entry element Science
General subdivision Study and teaching (Elementary)
Geographic subdivision United States.
Topical term or geographic name as entry element Education, Elementary
General subdivision Activity programs
Geographic subdivision United States.
700 1# - ADDED ENTRY--PERSONAL NAME
Personal name Jones, Linda,
Dates associated with a name 1932-
906 ## - LOCAL DATA ELEMENT F, LDF (RLIN)
a 7
b cbc
c orignew
d 1
e ocip
f 19
g y-gencatlg
942 ## - ADDED ENTRY ELEMENTS (KOHA)
Source of classification or shelving scheme Library of Congress Classification
Koha item type Long Loan Books
Holdings
Withdrawn status Lost status Source of classification or shelving scheme Damaged status Not for loan Collection code Home library Current library Shelving location Date acquired Total Checkouts Full call number Barcode Date last seen Date checked out Price effective from Koha item type
    Library of Congress Classification     Non-fiction Rongo University Library Rongo University Library General Stacks 13/10/2015 1 LB1585.3 .H69 1998 20155203 23/10/2023 13/10/2023 13/10/2015 Long Loan Books

© 2026 Rongo University
Contact us: librarian | system librarian | Rongo university